| 000 | 00671nam a2200205 a 4500 | ||
|---|---|---|---|
| 003 | PILC | ||
| 005 | 20160229130108.0 | ||
| 008 | 101007s19uu xx 00 eng d | ||
| 020 | _a9781845935184 | ||
| 050 |
_aG 156.35.H47 _b.C858 2010 |
||
| 245 |
_aCultural tourism research methods / _bedited by Greg Richards and Wil Munsters. |
||
| 260 |
_aUnited Kingdom : _bCAB International, _c2010. |
||
| 300 |
_a228 pages : _billustrations ; _c25 cm. |
||
| 500 | _aIncludes bibliographical references and index. | ||
| 650 |
_aHeritage tourism _xResearch. |
||
| 650 |
_aTourism _xResearch. |
||
| 700 | _aedited by: Richards, Greg | ||
| 942 |
_cBK _2lcc _kFOR |
||
| 999 |
_c24099 _d24099 |
||